[Event "33ème Open International d'Avoine"]
[Site "Avoine"]
[Date "2018.07.21"]
[Round "1.1"]
[White "Farou, Fabrice"]
[Black "Ortiz Suarez, Isan Reynaldo"]
[Result "0-1"]
[WhiteElo "1932"]
[BlackElo "2548"]
[PlyCount "34"]
[EventDate "2018.??.??"]

1. g4 {[%emt 0:01:05]} e5 {[%emt 0:00:53]} 2. Bg2 {[%emt 0:08:52]} d5 {
[%emt 0:00:20]} 3. c4 {[%emt 0:00:10]} dxc4 {[%emt 0:00:31]} 4. Qa4+ {
[%emt 0:00:38]} c6 {[%emt 0:00:08]} 5. Qxc4 {[%emt 0:00:11]} Be6 {
[%emt 0:00:10]} 6. Qa4 {[%emt 0:01:29]} Nd7 {[%emt 0:00:05]} 7. Nc3 {
[%emt 0:13:16]} Nc5 {[%emt 0:08:24]} 8. Qc2 {[%emt 0:00:11]} Bxg4 {
[%emt 0:00:39]} 9. b4 {[%emt 0:00:09]} Ne6 {[%emt 0:00:13]} 10. e3 {
[%emt 0:09:39]} Bh5 {[%emt 0:08:17]} 11. b5 {[%emt 0:04:09]} Bg6 {
[%emt 0:00:34]} 12. Be4 {[%emt 0:01:32]} Nf6 {[%emt 0:09:57]} 13. Bxg6 {
[%emt 0:01:58]} hxg6 {[%emt 0:00:08]} 14. bxc6 {[%emt 0:00:28]} bxc6 {
[%emt 0:00:04]} 15. Bb2 {[%emt 0:10:53]} Nc5 {[%emt 0:01:30]} 16. d4 {
[%emt 0:03:47]} exd4 {[%emt 0:01:06]} 17. O-O-O {[%emt 0:00:00]} d3 {
[%emt 0:00:00]} 0-1

[Event "33ème Open International d'Avoine"]
[Site "Avoine"]
[Date "2018.07.21"]
[Round "1.2"]
[White "Bailet, Pierre"]
[Black "Vekemans, Sylvain"]
[Result "1-0"]
[WhiteElo "2503"]
[BlackElo "1929"]
[PlyCount "46"]
[EventDate "2018.??.??"]

1. e4 {[%emt 0:00:39]} c5 {[%emt 0:00:11]} 2. Nf3 {[%emt 0:00:18]} Nc6 {
[%emt 0:00:09]} 3. Bb5 {[%emt 0:00:52]} Nf6 {[%emt 0:01:25]} 4. Nc3 {
[%emt 0:01:45]} g6 {[%emt 0:02:36]} 5. Bxc6 {[%emt 0:07:22]} bxc6 {
[%emt 0:02:38]} 6. O-O {[%emt 0:02:14]} Bg7 {[%emt 0:04:09]} 7. e5 {
[%emt 0:04:13]} Ng4 {[%emt 0:07:12]} 8. Re1 {[%emt 0:02:45]} O-O {
[%emt 0:03:04]} 9. h3 {[%emt 0:02:28]} Nh6 {[%emt 0:00:15]} 10. d3 {
[%emt 0:00:28]} f6 {[%emt 0:14:53]} 11. Bf4 {[%emt 0:06:55]} Nf7 {
[%emt 0:00:46]} 12. exf6 {[%emt 0:09:45]} exf6 {[%emt 0:00:51]} 13. Qd2 {
[%emt 0:05:45]} d6 {[%emt 0:06:50]} 14. Ne4 {[%emt 0:00:41]} f5 {[%emt 0:18:39]
} 15. Neg5 {[%emt 0:09:31]} Bxb2 {[%emt 0:03:33]} 16. Nxf7 {[%emt 0:01:29]}
Rxf7 {[%emt 0:00:18]} 17. Rab1 {[%emt 0:00:43]} Bf6 {[%emt 0:03:02]} 18. Bg5 {
[%emt 0:06:37]} Ba6 {[%emt 0:09:07]} 19. Re6 {[%emt 0:04:27]} Bxg5 {
[%emt 0:02:57]} 20. Nxg5 {[%emt 0:00:16]} Re7 {[%emt 0:00:14]} 21. Qe3 {
[%emt 0:01:43]} Rb7 {[%emt 0:08:08]} 22. Rxb7 {[%emt 0:00:56]} Bxb7 {
[%emt 0:00:08]} 23. Re7 {[%emt 0:00:24]} Bc8 {[%emt 0:01:35]} 1-0

[Event "33ème Open International d'Avoine"]
[Site "Avoine"]
[Date "2018.07.21"]
[Round "1.3"]
[White "Djidjeli, Sarah"]
[Black "Burri, Quentin"]
[Result "1-0"]
[WhiteElo "1927"]
[BlackElo "2423"]
[PlyCount "141"]
[EventDate "2018.??.??"]

1. e4 {[%emt 0:00:01]} c5 {[%emt 0:00:05]} 2. Nf3 {[%emt 0:00:04]} d6 {
[%emt 0:00:04]} 3. d4 {[%emt 0:00:07]} cxd4 {[%emt 0:00:07]} 4. Nxd4 {
[%emt 0:00:05]} Nf6 {[%emt 0:00:04]} 5. f3 {[%emt 0:00:06]} e5 {[%emt 0:00:51]}
6. Nb3 {[%emt 0:00:08]} Be7 {[%emt 0:00:05]} 7. c4 {[%emt 0:01:57]} a5 {
[%emt 0:01:40]} 8. Be3 {[%emt 0:02:18]} O-O {[%emt 0:00:45]} 9. Be2 {
[%emt 0:00:15]} Nc6 {[%emt 0:02:07]} 10. O-O {[%emt 0:06:16]} a4 {
[%emt 0:00:31]} 11. N3d2 {[%emt 0:08:01]} Qa5 {[%emt 0:04:01]} 12. Na3 {
[%emt 0:01:29]} Be6 {[%emt 0:03:15]} 13. Nb5 {[%emt 0:04:25]} Bd8 {
[%emt 0:14:22]} 14. Kh1 {[%emt 0:11:36]} Bb6 {[%emt 0:05:33]} 15. Bxb6 {
[%emt 0:19:13]} Qxb6 {[%emt 0:00:05]} 16. Nb1 {[%emt 0:02:46]} Nd7 {
[%emt 0:18:49]} 17. N1c3 {[%emt 0:07:34]} Nc5 {[%emt 0:00:26]} 18. Rc1 {
[%emt 0:08:04]} Rfd8 {[%emt 0:03:12]} 19. Qd2 {[%emt 0:12:12]} Na5 {
[%emt 0:16:34]} 20. Nd5 {[%emt 0:00:59]} Bxd5 {[%emt 0:00:05]} 21. Qxd5 {
[%emt 0:03:31]} Ne6 {[%emt 0:01:39]} 22. Rfd1 {[%emt 0:00:39]} Nc6 {
[%emt 0:06:05]} 23. Qd2 {[%emt 0:02:40]} Ncd4 {[%emt 0:00:23]} 24. Nxd4 {
[%emt 0:01:56]} Nxd4 {[%emt 0:00:18]} 25. Bd3 {[%emt 0:00:33]} Qc5 {
[%emt 0:02:16]} 26. Qc3 {[%emt 0:02:59]} b6 {[%emt 0:01:16]} 27. Ra1 {
[%emt 0:02:37]} Qa5 {[%emt 0:01:51]} 28. Qc1 {[%emt 0:01:46]} Rdc8 {
[%emt 0:01:25]} 29. Qe3 {[%emt 0:00:33]} Qc5 {[%emt 0:00:57]} 30. Qd2 {
[%emt 0:00:30]} Qa5 {[%emt 0:02:07]} 31. Qe3 {[%emt 0:00:45]} Qb4 {
[%emt 0:00:27]} 32. Qf2 {[%emt 0:00:27]} Rab8 {[%emt 0:00:58]} 33. h3 {
[%emt 0:05:51]} Rf8 {[%emt 0:00:45]} 34. Rab1 {[%emt 0:01:20]} Qc5 {
[%emt 0:00:55]} 35. Qd2 {[%emt 0:00:16]} Qc7 {[%emt 0:00:33]} 36. Qb4 {
[%emt 0:00:36]} Ra8 {[%emt 0:00:40]} 37. Rbc1 {[%emt 0:01:19]} g6 {
[%emt 0:00:24]} 38. Qd2 {[%emt 0:01:16]} Qe7 {[%emt 0:00:37]} 39. Rb1 {
[%emt 0:01:22]} h5 {[%emt 0:05:18]} 40. Rbc1 {[%emt 0:00:43]} h4 {
[%emt 0:00:15]} 41. f4 {[%emt 0:03:15]} Ne6 {[%emt 0:03:30]} 42. f5 {
[%emt 0:07:35]} Nf4 {[%emt 0:00:22]} 43. Be2 {[%emt 0:06:39]} Rad8 {
[%emt 0:03:39]} 44. Bg4 {[%emt 0:03:41]} Kg7 {[%emt 0:07:14]} 45. Qb4 {
[%emt 0:09:36]} Qb7 {[%emt 0:04:23]} 46. Bf3 {[%emt 0:13:04]} Qc6 {
[%emt 0:06:53]} 47. Rc2 {[%emt 0:03:04]} Qc5 {[%emt 0:08:22]} 48. Qxa4 {
[%emt 0:02:10]} gxf5 {[%emt 0:00:20]} 49. exf5 {[%emt 0:00:36]} Rfe8 {
[%emt 0:00:37]} 50. Bc6 {[%emt 0:04:43]} Rg8 {[%emt 0:01:38]} 51. Rcd2 {
[%emt 0:00:45]} Nh5 {[%emt 0:01:13]} 52. Bd7 {[%emt 0:01:01]} Qe3 {
[%emt 0:03:01]} 53. Bc6 {[%emt 0:00:25]} Ng3+ {[%emt 0:00:24]} 54. Kh2 {
[%emt 0:00:06]} Nf1+ {[%emt 0:00:52]} 55. Rxf1 {[%emt 0:00:04]} Qxd2 {
[%emt 0:00:03]} 56. c5 {[%emt 0:00:26]} Qd4 {[%emt 0:02:52]} 57. Qxd4 {
[%emt 0:00:08]} exd4 {[%emt 0:00:03]} 58. cxb6 {[%emt 0:00:07]} Kf6 {
[%emt 0:00:37]} 59. a4 {[%emt 0:00:48]} Rc8 {[%emt 0:00:40]} 60. Be4 {
[%emt 0:00:24]} Rge8 {[%emt 0:01:16]} 61. Bf3 {[%emt 0:04:28]} Rc4 {
[%emt 0:02:26]} 62. Ra1 {[%emt 0:01:26]} Rb4 {[%emt 0:00:31]} 63. a5 {
[%emt 0:00:13]} Rb8 {[%emt 0:01:48]} 64. b7 {[%emt 0:00:51]} R8xb7 {
[%emt 0:01:32]} 65. Bxb7 {[%emt 0:00:08]} Rxb7 {[%emt 0:00:04]} 66. a6 {
[%emt 0:00:40]} Rb8 {[%emt 0:00:10]} 67. b4 {[%emt 0:01:30]} Ke5 {
[%emt 0:00:11]} 68. b5 {[%emt 0:00:24]} Kd5 {[%emt 0:00:05]} 69. b6 {
[%emt 0:00:36]} Kc6 {[%emt 0:00:07]} 70. b7 {[%emt 0:00:09]} Rg8 {
[%emt 0:00:08]} 71. Rc1+ {[%emt 0:00:12]} 1-0

[Event "33ème Open International d'Avoine"]
[Site "Avoine"]
[Date "2018.07.21"]
[Round "1.4"]
[White "Haub, Thorsten Michael"]
[Black "Neau, Julien"]
[Result "1-0"]
[WhiteElo "2405"]
[BlackElo "1926"]
[PlyCount "79"]
[EventDate "2018.??.??"]

1. Nf3 {[%emt 0:00:01]} Nf6 {[%emt 0:00:06]} 2. g3 {[%emt 0:00:06]} g6 {
[%emt 0:00:05]} 3. Bg2 {[%emt 0:00:07]} Bg7 {[%emt 0:00:06]} 4. d3 {
[%emt 0:00:10]} d5 {[%emt 0:01:59]} 5. O-O {[%emt 0:00:31]} O-O {[%emt 0:00:39]
} 6. Nbd2 {[%emt 0:00:12]} c5 {[%emt 0:02:45]} 7. e4 {[%emt 0:00:10]} Nc6 {
[%emt 0:05:47]} 8. Re1 {[%emt 0:01:32]} d4 {[%emt 0:07:43]} 9. Nc4 {
[%emt 0:11:49]} Bg4 {[%emt 0:15:16]} 10. h3 {[%emt 0:00:45]} Bxf3 {
[%emt 0:13:58]} 11. Qxf3 {[%emt 0:02:33]} Nd7 {[%emt 0:03:46]} 12. Qe2 {
[%emt 0:10:14]} b5 {[%emt 0:12:09]} 13. Nd2 {[%emt 0:05:38]} Rc8 {
[%emt 0:04:49]} 14. Nf3 {[%emt 0:05:30]} Qb6 {[%emt 0:13:05]} 15. h4 {
[%emt 0:09:24]} c4 {[%emt 0:10:17]} 16. Bh3 {[%emt 0:00:58]} e6 {[%emt 0:08:09]
} 17. Bd2 {[%emt 0:01:13]} cxd3 {[%emt 0:03:52]} 18. cxd3 {[%emt 0:00:11]} Nc5
{[%emt 0:01:39]} 19. b3 {[%emt 0:02:44]} Rfd8 {[%emt 0:02:56]} 20. Rec1 {
[%emt 0:04:34]} a5 {[%emt 0:00:39]} 21. h5 {[%emt 0:01:46]} Nb4 {[%emt 0:00:37]
} 22. Ne1 {[%emt 0:00:42]} Rd7 {[%emt 0:00:42]} 23. Bf4 {[%emt 0:03:15]} Qb7 {
[%emt 0:00:29]} 24. Rab1 {[%emt 0:01:26]} Rdd8 {[%emt 0:00:30]} 25. a3 {
[%emt 0:07:47]} Nbxd3 {[%emt 0:00:31]} 26. Nxd3 {[%emt 0:00:27]} Nxe4 {
[%emt 0:00:32]} 27. Bg2 {[%emt 0:00:39]} f5 {[%emt 0:00:31]} 28. Nc5 {
[%emt 0:00:51]} Rxc5 {[%emt 0:00:32]} 29. Rxc5 {[%emt 0:00:09]} d3 {
[%emt 0:00:28]} 30. Qf1 {[%emt 0:01:14]} Bd4 {[%emt 0:00:30]} 31. Rcc1 {
[%emt 0:00:47]} Qb6 {[%emt 0:00:32]} 32. Bxe4 {[%emt 0:00:13]} fxe4 {
[%emt 0:00:10]} 33. Re1 {[%emt 0:00:38]} Qc6 {[%emt 0:00:51]} 34. Be3 {
[%emt 0:02:26]} Be5 {[%emt 0:00:32]} 35. b4 {[%emt 0:03:39]} axb4 {
[%emt 0:00:26]} 36. axb4 {[%emt 0:00:16]} Qc4 {[%emt 0:00:34]} 37. Qh3 {
[%emt 0:03:17]} d2 {[%emt 0:00:29]} 38. Red1 {[%emt 0:00:40]} gxh5 {
[%emt 0:00:32]} 39. Qxh5 {[%emt 0:00:18]} Bc3 {[%emt 0:00:31]} 40. Qg5+ {
[%emt 0:00:08]} 1-0

[Event "33ème Open International d'Avoine"]
[Site "Avoine"]
[Date "2018.07.21"]
[Round "1.5"]
[White "Yche, Michel"]
[Black "Lerch, Patrice"]
[Result "0-1"]
[WhiteElo "1924"]
[BlackElo "2405"]
[PlyCount "112"]
[EventDate "2018.??.??"]

1. e4 {[%emt 0:00:16]} c5 {[%emt 0:00:12]} 2. b4 {[%emt 0:00:13]} d5 {
[%emt 0:01:25]} 3. exd5 {[%emt 0:01:47]} Qxd5 {[%emt 0:00:34]} 4. Nf3 {
[%emt 0:01:05]} Bg4 {[%emt 0:00:51]} 5. bxc5 {[%emt 0:13:13]} Nc6 {
[%emt 0:04:04]} 6. c3 {[%emt 0:04:28]} e5 {[%emt 0:02:03]} 7. Be2 {
[%emt 0:05:30]} Bxc5 {[%emt 0:04:12]} 8. Qb3 {[%emt 0:02:02]} Nf6 {
[%emt 0:08:23]} 9. Ba3 {[%emt 0:05:18]} Bxa3 {[%emt 0:06:46]} 10. Nxa3 {
[%emt 0:06:39]} O-O-O {[%emt 0:00:45]} 11. Qxd5 {[%emt 0:02:14]} Nxd5 {
[%emt 0:09:07]} 12. g3 {[%emt 0:18:07]} f6 {[%emt 0:06:54]} 13. Nd4 {
[%emt 0:14:30]} Bd7 {[%emt 0:02:47]} 14. Nb3 {[%emt 0:00:39]} Bh3 {
[%emt 0:01:15]} 15. Bf1 {[%emt 0:06:03]} Bxf1 {[%emt 0:00:30]} 16. Kxf1 {
[%emt 0:00:07]} Rd7 {[%emt 0:00:16]} 17. Kg2 {[%emt 0:01:22]} b6 {
[%emt 0:04:01]} 18. Nc2 {[%emt 0:01:28]} Rhd8 {[%emt 0:00:37]} 19. Rhe1 {
[%emt 0:02:45]} Nc7 {[%emt 0:02:43]} 20. a4 {[%emt 0:01:54]} Rd3 {
[%emt 0:02:01]} 21. Re3 {[%emt 0:02:54]} R3d6 {[%emt 0:00:04]} 22. Re2 {
[%emt 0:01:13]} Kb7 {[%emt 0:02:11]} 23. Ra2 {[%emt 0:00:17]} Ne6 {
[%emt 0:00:51]} 24. Ne3 {[%emt 0:00:53]} Ka6 {[%emt 0:00:30]} 25. Nf5 {
[%emt 0:00:47]} R6d7 {[%emt 0:00:04]} 26. h4 {[%emt 0:01:00]} g6 {
[%emt 0:01:20]} 27. Ne3 {[%emt 0:00:09]} h5 {[%emt 0:00:12]} 28. Nc4 {
[%emt 0:00:37]} Rd5 {[%emt 0:01:52]} 29. Ne3 {[%emt 0:00:39]} Rd3 {
[%emt 0:00:22]} 30. Nc1 {[%emt 0:00:23]} R3d7 {[%emt 0:00:10]} 31. Nb3 {
[%emt 0:00:08]} Nc5 {[%emt 0:00:31]} 32. Nxc5+ {[%emt 0:00:37]} bxc5 {
[%emt 0:00:04]} 33. Nc4 {[%emt 0:00:55]} Na5 {[%emt 0:00:15]} 34. Nxa5 {
[%emt 0:01:53]} Kxa5 {[%emt 0:01:05]} 35. Kf1 {[%emt 0:01:09]} Rb8 {
[%emt 0:07:54]} 36. Re4 {[%emt 0:01:07]} Rd6 {[%emt 0:00:28]} 37. Ke2 {
[%emt 0:02:12]} Rb1 {[%emt 0:00:03]} 38. Rc4 {[%emt 0:08:47]} Kb6 {
[%emt 0:03:15]} 39. a5+ {[%emt 0:02:06]} Kb5 {[%emt 0:01:09]} 40. Rca4 {
[%emt 0:00:27]} a6 {[%emt 0:00:50]} 41. c4+ {[%emt 0:17:27]} Kc6 {
[%emt 0:04:39]} 42. Rc2 {[%emt 0:05:33]} Rd4 {[%emt 0:10:50]} 43. d3 {
[%emt 0:08:41]} Rb3 {[%emt 0:05:38]} 44. Rd2 {[%emt 0:01:03]} e4 {
[%emt 0:00:21]} 45. dxe4 {[%emt 0:02:00]} Rxe4+ {[%emt 0:00:17]} 46. Kd1 {
[%emt 0:00:22]} Rb4 {[%emt 0:00:05]} 47. Rxb4 {[%emt 0:06:20]} cxb4 {
[%emt 0:00:05]} 48. Rd8 {[%emt 0:06:04]} Rxc4 {[%emt 0:00:07]} 49. Rb8 {
[%emt 0:01:04]} Kc5 {[%emt 0:01:13]} 50. Rg8 {[%emt 0:03:12]} Kb5 {
[%emt 0:02:30]} 51. Rxg6 {[%emt 0:00:47]} b3 {[%emt 0:00:44]} 52. Rg8 {
[%emt 0:01:54]} Kxa5 {[%emt 0:00:06]} 53. Rb8 {[%emt 0:00:33]} Rb4 {
[%emt 0:00:19]} 54. Rxb4 {[%emt 0:01:10]} Kxb4 {[%emt 0:00:04]} 55. Kc1 {
[%emt 0:01:15]} f5 {[%emt 0:00:24]} 56. f3 {[%emt 0:00:11]} Kc3 {[%emt 0:00:08]
} 0-1

[Event "33ème Open International d'Avoine"]
[Site "Avoine"]
[Date "2018.07.21"]
[Round "1.6"]
[White "Ollier, Pablo"]
[Black "Nguyen-Cadoret, Nathan"]
[Result "1-0"]
[WhiteElo "2398"]
[BlackElo "1923"]
[PlyCount "87"]
[EventDate "2018.??.??"]

1. d4 {[%emt 0:00:03]} Nf6 {[%emt 0:00:09]} 2. c4 {[%emt 0:00:10]} e6 {
[%emt 0:01:02]} 3. Nc3 {[%emt 0:00:32]} Bb4 {[%emt 0:00:27]} 4. e3 {
[%emt 0:00:11]} O-O {[%emt 0:01:38]} 5. Bd3 {[%emt 0:00:27]} c5 {[%emt 0:04:27]
} 6. Nf3 {[%emt 0:00:51]} d6 {[%emt 0:07:15]} 7. O-O {[%emt 0:04:02]} Nc6 {
[%emt 0:09:58]} 8. d5 {[%emt 0:05:43]} Bxc3 {[%emt 0:04:28]} 9. bxc3 {
[%emt 0:00:29]} Na5 {[%emt 0:03:07]} 10. e4 {[%emt 0:01:33]} exd5 {
[%emt 0:04:57]} 11. cxd5 {[%emt 0:03:37]} h6 {[%emt 0:06:57]} 12. c4 {
[%emt 0:09:04]} Bg4 {[%emt 0:08:22]} 13. Bb2 {[%emt 0:06:55]} Re8 {
[%emt 0:04:21]} 14. Re1 {[%emt 0:05:24]} Nd7 {[%emt 0:02:08]} 15. h3 {
[%emt 0:02:12]} Bh5 {[%emt 0:01:04]} 16. g4 {[%emt 0:03:08]} Bg6 {
[%emt 0:00:04]} 17. Qc2 {[%emt 0:02:05]} Rc8 {[%emt 0:23:40]} 18. a4 {
[%emt 0:01:36]} b6 {[%emt 0:02:30]} 19. Qc3 {[%emt 0:03:06]} Ne5 {
[%emt 0:02:13]} 20. Nxe5 {[%emt 0:02:02]} dxe5 {[%emt 0:00:13]} 21. f4 {
[%emt 0:03:22]} f6 {[%emt 0:01:56]} 22. f5 {[%emt 0:02:30]} Bh7 {[%emt 0:04:24]
} 23. Bc1 {[%emt 0:01:56]} Nb7 {[%emt 0:00:15]} 24. Be3 {[%emt 0:01:32]} Nd6 {
[%emt 0:02:42]} 25. Ra2 {[%emt 0:01:34]} Kf8 {[%emt 0:01:32]} 26. h4 {
[%emt 0:00:49]} Rb8 {[%emt 0:01:35]} 27. Rb1 {[%emt 0:02:27]} Qe7 {
[%emt 0:01:19]} 28. Rab2 {[%emt 0:01:07]} Rb7 {[%emt 0:00:11]} 29. Qd2 {
[%emt 0:01:27]} Reb8 {[%emt 0:00:38]} 30. g5 {[%emt 0:00:15]} hxg5 {
[%emt 0:00:58]} 31. hxg5 {[%emt 0:00:08]} Ke8 {[%emt 0:01:24]} 32. g6 {
[%emt 0:02:47]} Bg8 {[%emt 0:00:03]} 33. a5 {[%emt 0:00:44]} Nc8 {
[%emt 0:03:58]} 34. Bc2 {[%emt 0:01:24]} Kd8 {[%emt 0:00:30]} 35. Ba4 {
[%emt 0:01:10]} Nd6 {[%emt 0:03:18]} 36. Qc2 {[%emt 0:02:29]} Nc8 {
[%emt 0:00:53]} 37. Kg2 {[%emt 0:04:39]} Qd6 {[%emt 0:00:41]} 38. Qf2 {
[%emt 0:01:14]} Rc7 {[%emt 0:00:45]} 39. Kf3 {[%emt 0:04:13]} Ne7 {
[%emt 0:01:07]} 40. Qh2 {[%emt 0:02:40]} Nc8 {[%emt 0:01:25]} 41. Rd1 {
[%emt 0:07:06]} Ke7 {[%emt 0:05:43]} 42. Qh8 {[%emt 0:03:08]} Kf8 {
[%emt 0:00:23]} 43. Rh1 {[%emt 0:01:12]} Qd8 {[%emt 0:07:10]} 44. Rbh2 {
[%emt 0:01:49]} 1-0

[Event "33ème Open International d'Avoine"]
[Site "Avoine"]
[Date "2018.07.21"]
[Round "1.7"]
[White "Berthaut, Alexandre"]
[Black "Manea, Alexandru"]
[Result "1/2-1/2"]
[WhiteElo "1921"]
[BlackElo "2394"]
[PlyCount "91"]
[EventDate "2018.??.??"]

1. e4 {[%emt 0:00:04]} g6 {[%emt 0:01:57]} 2. d4 {[%emt 0:03:05]} Bg7 {
[%emt 0:00:15]} 3. Nc3 {[%emt 0:03:22]} c6 {[%emt 0:01:37]} 4. Bf4 {
[%emt 0:03:24]} d6 {[%emt 0:01:23]} 5. Be2 {[%emt 0:10:46]} Qb6 {[%emt 0:02:30]
} 6. Nf3 {[%emt 0:15:07]} Qxb2 {[%emt 0:00:16]} 7. Na4 {[%emt 0:10:08]} Qb4+ {
[%emt 0:01:47]} 8. c3 {[%emt 0:00:05]} Qa5 {[%emt 0:00:06]} 9. Qc2 {
[%emt 0:06:50]} Nf6 {[%emt 0:02:00]} 10. O-O {[%emt 0:10:33]} O-O {
[%emt 0:00:33]} 11. Nb2 {[%emt 0:01:12]} Nbd7 {[%emt 0:01:16]} 12. Nc4 {
[%emt 0:01:28]} Qd8 {[%emt 0:00:12]} 13. Ne3 {[%emt 0:06:35]} Nh5 {
[%emt 0:02:49]} 14. Bg5 {[%emt 0:00:55]} h6 {[%emt 0:00:10]} 15. Bh4 {
[%emt 0:00:02]} Nf4 {[%emt 0:00:06]} 16. a4 {[%emt 0:09:40]} Nf6 {
[%emt 0:02:37]} 17. e5 {[%emt 0:04:29]} dxe5 {[%emt 0:09:58]} 18. Nxe5 {
[%emt 0:01:00]} N6d5 {[%emt 0:01:42]} 19. Nxd5 {[%emt 0:07:45]} cxd5 {
[%emt 0:04:21]} 20. Bf3 {[%emt 0:02:30]} Bf5 {[%emt 0:09:20]} 21. Qb3 {
[%emt 0:01:43]} f6 {[%emt 0:06:25]} 22. Ng4 {[%emt 0:04:21]} e6 {[%emt 0:26:41]
} 23. Bg3 {[%emt 0:02:48]} Qc7 {[%emt 0:03:31]} 24. Ne3 {[%emt 0:00:40]} Bd3 {
[%emt 0:00:07]} 25. Rfd1 {[%emt 0:01:31]} Ba6 {[%emt 0:00:18]} 26. Bxf4 {
[%emt 0:02:54]} Qxf4 {[%emt 0:00:11]} 27. Bxd5 {[%emt 0:00:41]} exd5 {
[%emt 0:06:52]} 28. Nxd5 {[%emt 0:00:00]} Qg5 {[%emt 0:14:10]} 29. Nc7+ {
[%emt 0:00:11]} Kh7 {[%emt 0:00:57]} 30. Nxa8 {[%emt 0:00:31]} Rxa8 {
[%emt 0:00:02]} 31. Re1 {[%emt 0:00:33]} f5 {[%emt 0:00:00]} 32. Qf7 {
[%emt 0:00:42]} Rf8 {[%emt 0:03:19]} 33. Qc7 {[%emt 0:00:33]} Qd8 {
[%emt 0:05:49]} 34. Qc5 {[%emt 0:00:12]} Rf7 {[%emt 0:00:11]} 35. Qxa7 {
[%emt 0:00:22]} Qc7 {[%emt 0:02:52]} 36. Rac1 {[%emt 0:00:52]} h5 {
[%emt 0:00:00]} 37. h3 {[%emt 0:01:03]} Bh6 {[%emt 0:00:47]} 38. Rcd1 {
[%emt 0:00:39]} Qxc3 {[%emt 0:00:05]} 39. Qb6 {[%emt 0:00:31]} Bd2 {
[%emt 0:01:04]} 40. Re8 {[%emt 0:00:30]} Qc2 {[%emt 0:00:49]} 41. Qd8 {
[%emt 0:42:47]} Qxd1+ {[%emt 0:04:17]} 42. Kh2 {[%emt 0:00:03]} Bf4+ {
[%emt 0:00:21]} 43. g3 {[%emt 0:00:15]} Bc7 {[%emt 0:02:04]} 44. Rh8+ {
[%emt 0:01:22]} Kg7 {[%emt 0:00:04]} 45. Rg8+ {[%emt 0:00:55]} Kh7 {
[%emt 0:00:54]} 46. Rh8+ {[%emt 0:00:02]} 1/2-1/2

[Event "33ème Open International d'Avoine"]
[Site "Avoine"]
[Date "2018.07.21"]
[Round "1.8"]
[White "Colin, Vincent"]
[Black "Baudon, Andrew"]
[Result "1-0"]
[WhiteElo "2381"]
[BlackElo "1920"]
[PlyCount "63"]
[EventDate "2018.??.??"]

1. e4 {[%emt 0:00:32]} e5 {[%emt 0:00:10]} 2. Nf3 {[%emt 0:00:05]} Nf6 {
[%emt 0:00:08]} 3. d3 {[%emt 0:00:29]} Nc6 {[%emt 0:00:36]} 4. Be2 {
[%emt 0:00:21]} d5 {[%emt 0:01:40]} 5. Nbd2 {[%emt 0:00:09]} Bc5 {
[%emt 0:02:49]} 6. O-O {[%emt 0:01:15]} O-O {[%emt 0:07:26]} 7. c3 {
[%emt 0:06:15]} dxe4 {[%emt 0:00:17]} 8. dxe4 {[%emt 0:00:08]} Qe7 {
[%emt 0:04:11]} 9. Qc2 {[%emt 0:10:36]} a6 {[%emt 0:00:42]} 10. b4 {
[%emt 0:01:33]} Ba7 {[%emt 0:01:23]} 11. a4 {[%emt 0:00:16]} Bg4 {
[%emt 0:01:29]} 12. Ba3 {[%emt 0:04:28]} Nd8 {[%emt 0:06:22]} 13. Nc4 {
[%emt 0:05:52]} Bxf3 {[%emt 0:00:48]} 14. Bxf3 {[%emt 0:00:14]} Ne6 {
[%emt 0:06:31]} 15. Bc1 {[%emt 0:06:41]} Rfe8 {[%emt 0:13:29]} 16. g3 {
[%emt 0:09:50]} Rad8 {[%emt 0:13:16]} 17. h4 {[%emt 0:12:54]} c6 {
[%emt 0:14:00]} 18. Kg2 {[%emt 0:02:13]} Qc7 {[%emt 0:02:37]} 19. Rd1 {
[%emt 0:07:30]} b5 {[%emt 0:09:53]} 20. Rxd8 {[%emt 0:01:00]} Rxd8 {
[%emt 0:03:23]} 21. Ne3 {[%emt 0:00:23]} Qd7 {[%emt 0:10:10]} 22. axb5 {
[%emt 0:01:00]} axb5 {[%emt 0:00:38]} 23. Nf5 {[%emt 0:00:44]} Bb6 {
[%emt 0:02:11]} 24. Ra6 {[%emt 0:08:14]} Qb7 {[%emt 0:02:04]} 25. Qa2 {
[%emt 0:01:32]} g6 {[%emt 0:02:35]} 26. Bg5 {[%emt 0:01:12]} Nxg5 {
[%emt 0:03:06]} 27. hxg5 {[%emt 0:01:25]} Nd5 {[%emt 0:00:55]} 28. Nh6+ {
[%emt 0:00:16]} Kg7 {[%emt 0:00:14]} 29. exd5 {[%emt 0:00:07]} cxd5 {
[%emt 0:00:21]} 30. Bxd5 {[%emt 0:01:35]} Qc7 {[%emt 0:01:26]} 31. Nxf7 {
[%emt 0:01:56]} Rf8 {[%emt 0:00:44]} 32. Qe2 {[%emt 0:00:56]} 1-0

[Event "33ème Open International d'Avoine"]
[Site "Avoine"]
[Date "2018.07.21"]
[Round "1.9"]
[White "Bex, Lennert"]
[Black "Naumkin, Igor"]
[Result "0-1"]
[WhiteElo "1920"]
[BlackElo "2379"]
[PlyCount "74"]
[EventDate "2018.??.??"]

1. d4 {[%emt 0:00:16]} Nf6 {[%emt 0:00:18]} 2. Bf4 {[%emt 0:00:26]} b6 {
[%emt 0:01:03]} 3. Nf3 {[%emt 0:01:21]} e6 {[%emt 0:00:37]} 4. e3 {
[%emt 0:01:11]} Bb7 {[%emt 0:00:14]} 5. a3 {[%emt 0:02:05]} Bd6 {[%emt 0:01:23]
} 6. Bg3 {[%emt 0:01:29]} O-O {[%emt 0:01:07]} 7. Bd3 {[%emt 0:00:38]} Ne4 {
[%emt 0:01:20]} 8. Bxd6 {[%emt 0:05:16]} cxd6 {[%emt 0:00:50]} 9. Nbd2 {
[%emt 0:00:18]} f5 {[%emt 0:00:56]} 10. Qe2 {[%emt 0:01:23]} d5 {[%emt 0:00:58]
} 11. c4 {[%emt 0:03:26]} Qf6 {[%emt 0:06:05]} 12. cxd5 {[%emt 0:03:21]} Bxd5 {
[%emt 0:05:24]} 13. Bc4 {[%emt 0:01:05]} Bb7 {[%emt 0:00:51]} 14. Rg1 {
[%emt 0:02:35]} Nc6 {[%emt 0:03:55]} 15. Bd3 {[%emt 0:04:31]} Nxd2 {
[%emt 0:02:05]} 16. Qxd2 {[%emt 0:00:48]} Rac8 {[%emt 0:01:26]} 17. Bb5 {
[%emt 0:10:49]} d6 {[%emt 0:14:13]} 18. b4 {[%emt 0:19:14]} Ne7 {[%emt 0:07:07]
} 19. Rc1 {[%emt 0:04:06]} f4 {[%emt 0:05:33]} 20. Rxc8 {[%emt 0:00:30]} Rxc8 {
[%emt 0:00:59]} 21. Ke2 {[%emt 0:01:43]} fxe3 {[%emt 0:04:38]} 22. fxe3 {
[%emt 0:00:18]} Qg6 {[%emt 0:02:15]} 23. Bd3 {[%emt 0:05:22]} Bxf3+ {
[%emt 0:09:27]} 24. Kxf3 {[%emt 0:01:20]} Rf8+ {[%emt 0:00:11]} 25. Ke2 {
[%emt 0:00:09]} Qh5+ {[%emt 0:00:15]} 26. Ke1 {[%emt 0:00:29]} Qxh2 {
[%emt 0:00:15]} 27. Rf1 {[%emt 0:00:12]} Qg3+ {[%emt 0:00:20]} 28. Kd1 {
[%emt 0:00:27]} Rxf1+ {[%emt 0:02:29]} 29. Bxf1 {[%emt 0:00:09]} Nf5 {
[%emt 0:03:03]} 30. Ke2 {[%emt 0:00:51]} d5 {[%emt 0:02:16]} 31. Qc1 {
[%emt 0:02:59]} Kf7 {[%emt 0:00:19]} 32. Kd3 {[%emt 0:01:09]} Kf6 {
[%emt 0:03:29]} 33. Qd2 {[%emt 0:00:52]} Qc7 {[%emt 0:06:37]} 34. Ke2 {
[%emt 0:02:36]} Ng3+ {[%emt 0:00:36]} 35. Ke1 {[%emt 0:00:13]} Ne4 {
[%emt 0:00:23]} 36. Qb2 {[%emt 0:02:46]} Qg3+ {[%emt 0:00:28]} 37. Kd1 {
[%emt 0:00:26]} Qxe3 {[%emt 0:00:53]} 0-1